Guess the Artist by the Song - Statistics

General Stats
  • This quiz has been taken 142 times
  • The average score is 19 of 31
Answer Stats
Song Artist Featured Artist % Correct
Hello Adele
94%
Roar Katy Perry
91%
Bad Romance Lady Gaga
91%
Love the Way You Lie Eminem
88%
Rap God Eminem
88%
Blank Space Taylor Swift
88%
Halo Beyonce
86%
Bruno Mars
86%
Thinking Out Loud Ed Sheeran
85%
Love Yourself Justin Bieber
84%
Kiss It Better Rihanna
81%
Work Rihanna
81%
Sugar Maroon 5
76%
Anaconda Nicki Minaj
76%
Dangerous Woman Ariana Grande
73%
Mirrors Justin Timberlake
63%
See You Again Wiz Khalifa
63%
Uptown Funk Mark Ronson
56%
On The Floor Jennifer Lopez
55%
Charlie Puth
53%
Pillowtalk Zayn Malik
53%
My House Flo Rida N/A
49%
Lean On Major Lazer
38%
Drake
35%
Fun Pitbull
35%
Get Ugly Jason Derulo
28%
Adam Levine
27%
DJ Snake
23%
Chris Brown
6%
Exotic Priyanka Chopra
3%
If I got Locked Away Locked Away
0%
No matching quizzes found
Score Distribution
Percent of People with Each Score
Percentile by Number Answered
Your Score History
You have not taken this quiz